[Event "SRB-chT 2nd League West"]
[Site "Kragujevac"]
[Date "2019.10.04"]
[Round "7.5"]
[White "Naskovic, Filip"]
[Black "Ostojic, Nikola M"]
[Result "1-0"]
[WhiteElo "2187"]
[BlackElo "2010"]
[PlyCount "75"]
[EventDate "2019.09.06"]
[EventType "team-tourn"]
[EventRounds "11"]
[EventCountry "SRB"]
[SourceTitle "EXT 2020"]
[Source "ChessBase"]
[SourceDate "2019.10.17"]
[SourceVersion "1"]
[SourceVersionDate "2019.10.17"]
[SourceQuality "1"]
[WhiteTeam "Ivanjica"]
[BlackTeam "Razanj"]
[WhiteTeamCountry "SRB"]
[BlackTeamCountry "SRB"]

1. e4 c5 2. c3 d5 3. exd5 Qxd5 4. d4 Nf6 5. Nf3 Bg4 6. Be2 e6 7. 0-0 cxd4 8. Nxd4 Bxe2 9. Qxe2 Nc6 10. Nb5 0-0-0 11. Be3 Bc5 12. Bxc5 Qxc5 13. b4 Qd5 14. a4 Qd3 15. Qb2 Rd7 16. N5a3 Rhd8 17. c4 Nd4 18. Nc3 Ne4 19. Nxe4 Qxe4 20. Rfe1 Qg6 21. Qc3 Kb8 22. c5 Rd5 23. Nc4 f6 24. Nd6 Nc2 25. Rxe6 Nxa1 26. Qxa1 Qd3 27. Re1 R5xd6 28. cxd6 Qxd6 29. b5 Qd4 30. Qa2 Qd5 31. Qa3 Qd6 32. Qb3 a6 33. b6 a5 34. h3 Qb4 35. Qg3+ Ka8 36. Re6 Qxa4 37. Qc7 Qd4 38. Re7 1-0

[Event "SRB-chT3 West CS"]
[Site "Serbia"]
[Date "2017.10.15"]
[Round "11.63"]
[White "Ostojic, Nikola M"]
[Black "Vasilic, Mihailo"]
[Result "1/2-1/2"]
[WhiteElo "2041"]
[BlackElo "2030"]
[PlyCount "100"]
[EventDate "2017.09.03"]
[EventType "team-tourn"]
[EventRounds "11"]
[EventCountry "SRB"]
[SourceTitle "EXT 2021"]
[Source "ChessBase"]
[SourceDate "2020.10.23"]
[SourceVersion "1"]
[SourceVersionDate "2020.10.23"]
[SourceQuality "1"]

1. d4 d5 2. Nf3 g6 3. c4 Bg7 4. Nc3 Nf6 5. cxd5 Nxd5 6. e4 Nxc3 7. bxc3 0-0 8. Rb1 c5 9. Be2 cxd4 10. cxd4 Qa5+ 11. Qd2 Qxd2+ 12. Bxd2 Rd8 13. d5 b6 14. Rc1 Ba6 15. Bf4 Bxe2 16. Kxe2 Na6 17. Ne5 Bxe5 18. Bxe5 Rac8 19. f3 f6 20. Bb2 Kf7 21. Rhd1 Rxc1 22. Rxc1 Rd7 23. Rc8 Rc7 24. Rxc7 Nxc7 25. Kd3 Ke8 26. Kc4 Kd7 27. f4 Ne8 28. e5 fxe5 29. fxe5 a6 30. Bd4 Kc7 31. Be3 h5 32. h3 Ng7 33. g4 Ne8 34. Bf2 Ng7 35. Kd4 Ne8 36. Ke4 b5 37. Kf4 Kd7 38. Kg5 hxg4 39. hxg4 Nc7 40. d6 exd6 41. exd6 Ne6+ 42. Kxg6 Kxd6 43. Kf5 a5 44. Bb6 a4 45. a3 Kd5 46. g5 Nxg5 47. Kxg5 b4 48. axb4 Kc4 49. b5 a3 50. Bd8 Kxb5 1/2-1/2

[Event "Paracin Summer op-B 10th"]
[Site "Paracin"]
[Date "2017.07.10"]
[Round "4"]
[White "Ostojic, Nikola M"]
[Black "Mirkovic, Dejan"]
[Result "1/2-1/2"]
[WhiteElo "2079"]
[BlackElo "1836"]
[PlyCount "131"]
[EventDate "2017.07.07"]
[EventType "swiss"]
[EventRounds "9"]
[EventCountry "SRB"]
[SourceTitle "EXT 2020"]
[Source "ChessBase"]
[SourceDate "2019.10.17"]
[SourceVersion "1"]
[SourceVersionDate "2019.10.17"]
[SourceQuality "1"]

1. d4 f5 2. c4 Nf6 3. Nc3 e6 4. g3 d5 5. Bg2 c6 6. Qd3 Bd6 7. Nh3 0-0 8. 0-0 Nbd7 9. Bf4 dxc4 10. Qxc4 Nb6 11. Qd3 Be7 12. Rad1 Nbd5 13. Bc1 h6 14. f3 Qa5 15. Qc4 c5 16. e4 Nb6 17. Qb5 Qxb5 18. Nxb5 Bd7 19. Na3 cxd4 20. exf5 exf5 21. Rfe1 Bc5 22. Nf2 Nbd5 23. Nc2 Rfe8 24. Rxe8+ Rxe8 25. Nd3 Bb6 26. Kf2 Ne3 27. Nxe3 dxe3+ 28. Ke2 Rc8 29. Ke1 Rc2 30. Bf1 Ba5+ 31. b4 Bb6 32. Nc5 Bc6 33. Bxe3 Bxf3 34. Rd2 Rxd2 35. Kxd2 Bd5 36. a4 a5 37. Kc3 axb4+ 38. Kxb4 Bc6 39. Bc4+ Kh7 40. a5 Bc7 41. Bd4 Ng4 42. Bg1 f4 43. Bd3+ g6 44. gxf4 Bxf4 45. h3 Ne5 46. Bb5 Bd2+ 47. Ka4 Bg2 48. h4 Be1 49. h5 Bf3 50. hxg6+ Kxg6 51. Nd3 Bd1+ 52. Ka3 Nxd3 53. Bxd3+ Kf6 54. Bb6 Ke5 55. Bf1 Bf3 56. Kb3 Bd5+ 57. Kc2 h5 58. a6 bxa6 59. Bxa6 Bf3 60. Bc7+ Kf5 61. Bc8+ Kg5 62. Kd3 Bf2 63. Be6 Kf6 64. Bd7 h4 65. Bd8+ Ke5 66. Bxh4 1/2-1/2

[Event "SRB Central-ch op-B 9th"]
[Site "Paracin"]
[Date "2016.07.12"]
[Round "7"]
[White "Bojicic, Andjela"]
[Black "Ostojic, Nikola M"]
[Result "1-0"]
[WhiteElo "2038"]
[BlackElo "2050"]
[PlyCount "89"]
[EventDate "2016.07.07"]
[EventType "swiss"]
[EventRounds "9"]
[EventCountry "SRB"]
[SourceTitle "CBM 173 Extra"]
[Source "ChessBase"]
[SourceDate "2016.08.29"]
[SourceVersion "1"]
[SourceVersionDate "2016.08.29"]
[SourceQuality "1"]

1. d4 Nf6 2. c4 e6 3. Nc3 Bb4 4. e3 0-0 5. Bd3 d5 6. Nf3 c5 7. 0-0 cxd4 8. exd4 dxc4 9. Bxc4 b6 10. Bg5 Bb7 11. Qe2 Be7 12. Rfe1 h6 13. Bh4 g5 14. Bg3 Nd5 15. Bd3 Nd7 16. Ne5 N7f6 17. h4 Nxc3 18. bxc3 Kg7 19. Ng4 Nxg4 20. Qxg4 Bf6 21. hxg5 hxg5 22. Be5 Bxe5 23. Rxe5 f5 24. Qe2 Bc8 25. Bc4 Rf6 26. Bxe6 Bxe6 27. Rxe6 Qd5 28. Rxf6 Kxf6 29. Re1 Qd6 30. Qh5 Rg8 31. Qh6+ Rg6 32. Qh8+ Rg7 33. Re8 Kg6 34. Re5 Qd7 35. Qh3 Re7 36. Qe3 Rxe5 37. Qxe5 f4 38. d5 Qa4 39. Qe6+ Kg7 40. d6 Qd1+ 41. Kh2 f3 42. Qe5+ Kg6 43. Qd4 Qe2 44. d7 fxg2 45. d8Q 1-0

[Event "SRB Central-ch op-B 9th"]
[Site "Paracin"]
[Date "2016.07.09"]
[Round "3"]
[White "Rajic, Momcilo"]
[Black "Ostojic, Nikola M"]
[Result "0-1"]
[WhiteElo "1937"]
[BlackElo "2050"]
[PlyCount "116"]
[EventDate "2016.07.07"]
[EventType "swiss"]
[EventRounds "9"]
[EventCountry "SRB"]
[SourceTitle "CBM 173 Extra"]
[Source "ChessBase"]
[SourceDate "2016.08.29"]
[SourceVersion "1"]
[SourceVersionDate "2016.08.29"]
[SourceQuality "1"]

1. e4 c5 2. Bc4 e6 3. Nc3 a6 4. a4 d6 5. Nge2 Nc6 6. 0-0 Nf6 7. Ng3 Be7 8. f4 d5 9. exd5 exd5 10. Be2 0-0 11. Bf3 Nd4 12. h3 Re8 13. Nce2 Nxf3+ 14. Rxf3 d4 15. d3 Bd6 16. c3 dxc3 17. bxc3 Bc7 18. Qc2 b6 19. Bd2 Bb7 20. Rf2 Qd7 21. d4 Rad8 22. Be1 cxd4 23. Nxd4 Nd5 24. Bd2 Ne3 25. Qd3 Nd5 26. Qf5 Qxf5 27. Ngxf5 Nf6 28. Ng3 Bd6 29. Re2 Rxe2 30. Ngxe2 Bc5 31. Kf1 Bd5 32. g3 Bc4 33. Ke1 Ne4 34. Rd1 Bxe2 35. Kxe2 Bxd4 36. cxd4 Rxd4 37. Be1 Rxd1 38. Kxd1 f5 39. Kc2 Kf7 40. Kd3 Ke6 41. Kc4 Kd6 42. g4 g6 43. Kd4 Ke6 44. Kc4 Nf6 45. g5 Nd5 46. Bd2 Kd6 47. Kd4 Ne7 48. Bb4+ Ke6 49. Bd2 Nc6+ 50. Kc4 Nb8 51. Be3 Nd7 52. Bf2 Kd6 53. Be3 Kc6 54. Bc1 Nc5 55. a5 bxa5 56. Bd2 Ne6 57. Bc1 a4 58. Kb4 Kd5 0-1

[Event "SRB Central-ch op-B 9th"]
[Site "Paracin"]
[Date "2016.07.08"]
[Round "2"]
[White "Ostojic, Nikola M"]
[Black "Okuyaz, Duru"]
[Result "1-0"]
[WhiteElo "2050"]
[BlackElo "1844"]
[PlyCount "173"]
[EventDate "2016.07.07"]
[EventType "swiss"]
[EventRounds "9"]
[EventCountry "SRB"]
[SourceTitle "CBM 173 Extra"]
[Source "ChessBase"]
[SourceDate "2016.08.29"]
[SourceVersion "1"]
[SourceVersionDate "2016.08.29"]
[SourceQuality "1"]

1. d4 d5 2. c4 c6 3. Nc3 Nf6 4. Nf3 e6 5. cxd5 exd5 6. Bg5 Be7 7. Qc2 g6 8. e3 Bf5 9. Bd3 Bxd3 10. Qxd3 0-0 11. 0-0 Ne4 12. Bh6 Re8 13. Nxe4 dxe4 14. Qxe4 Bd6 15. Qg4 f5 16. Qh4 Qxh4 17. Nxh4 Re4 18. g3 Nd7 19. Nf3 Nf6 20. Bf4 Bxf4 21. gxf4 Re6 22. Rfc1 Ne4 23. Rab1 h6 24. h4 a5 25. Kg2 a4 26. Rc4 Kg7 27. Rbc1 Ra5 28. R1c2 Kf6 29. Ne5 g5 30. fxg5+ hxg5 31. Nd7+ Ke7 32. Nc5 Rxc5 33. Rxc5 Nxc5 34. Rxc5 Kf6 35. hxg5+ Kxg5 36. Kf3 Rh6 37. Ra5 b5 38. Ra6 Rd6 39. b3 axb3 40. axb3 Rf6 41. Ra8 Rh6 42. Rc8 Re6 43. Rf8 Rh6 44. Kg2 Rg6 45. f3 Re6 46. f4+ Kg6 47. Kf3 Re4 48. b4 Re7 49. Rd8 Re6 50. d5 cxd5 51. Rxd5 Rb6 52. Re5 Kf6 53. Ke2 Rb8 54. Kd3 Rd8+ 55. Kc3 Rc8+ 56. Rc5 Re8 57. Kd3 Rd8+ 58. Ke2 Rb8 59. Kf3 Rb7 60. Rd5 Ke6 61. e4 Rc7 62. Re5+ Kd6 63. Rd5+ Ke6 64. Rxf5 Rc3+ 65. Kg4 Rc4 66. Rxb5 Rxe4 67. Kg5 Re1 68. f5+ Kf7 69. Rb7+ Ke8 70. Kf6 Rb1 71. Re7+ Kd8 72. Re4 Kd7 73. Kf7 Kd6 74. Re6+ Kd7 75. Re7+ Kd6 76. Rb7 Kc6 77. Rb8 Kc7 78. Rb5 Kc6 79. Rc5+ Kd6 80. Rc4 Kd5 81. Rg4 Kd6 82. f6 Kd7 83. Rd4+ Kc7 84. Kf8 Kc6 85. f7 Re1 86. Rg4 Ra1 87. Kg8 1-0

[Event "SRB-chT 1st League"]
[Site "Kragujevac"]
[Date "2015.09.09"]
[Round "6.1"]
[White "Ostojic, Nikola M"]
[Black "Gavrilovic, Vasilije"]
[Result "1/2-1/2"]
[WhiteElo "2043"]
[BlackElo "2081"]
[PlyCount "99"]
[EventDate "2015.09.05"]
[EventType "team-tourn"]
[EventRounds "11"]
[EventCountry "SRB"]
[SourceTitle "EXT 2016"]
[Source "ChessBase"]
[SourceDate "2015.10.08"]
[SourceVersion "1"]
[SourceVersionDate "2015.10.08"]
[SourceQuality "1"]
[WhiteTeam "Nis Svitanja"]
[BlackTeam "Lucani Mladost"]
[WhiteTeamCountry "SRB"]
[BlackTeamCountry "SRB"]

1. d4 Nf6 2. c4 e6 3. Nc3 d5 4. Bg5 Be7 5. e3 b6 6. cxd5 exd5 7. Nf3 Nbd7 8. Bd3 0-0 9. 0-0 Bb7 10. Rc1 Rc8 11. Qe2 c5 12. Ba6 Bxa6 13. Qxa6 Ra8 14. dxc5 Nxc5 15. Qb5 a6 16. Qe2 Nfe4 17. Bxe7 Nxc3 18. Rxc3 Qxe7 19. a3 Rfd8 20. Nd4 Qe8 21. Rfc1 g6 22. b4 Ne4 23. Rc7 b5 24. Qg4 h5 25. Qf4 Rd6 26. f3 Rf6 27. Qh4 Qd8 28. Qh3 Nd6 29. R1c6 Ne8 30. Rxf6 Nxf6 31. Rc6 Qe7 32. Rc8+ Rxc8 33. Qxc8+ Kg7 34. Kf2 Qd6 35. g3 Qb6 36. Qc6 Qxc6 37. Nxc6 Nd7 38. Ke2 Kf6 39. Kd3 Ke6 40. Nd4+ Kd6 41. Nc2 Ne5+ 42. Ke2 Nc4 43. Kd3 Ne5+ 44. Ke2 Kc6 45. Nd4+ Kb6 46. Nc2 Kc6 47. Nd4+ Kb6 48. Nc2 a5 49. Nd4 a4 50. Nc2 1/2-1/2

[Event "SRB-chT 1st League"]
[Site "Kragujevac"]
[Date "2015.09.06"]
[Round "3.5"]
[White "Ostojic, Nikola M"]
[Black "Sehovic, Bajram"]
[Result "1/2-1/2"]
[WhiteElo "2043"]
[BlackElo "2037"]
[PlyCount "86"]
[EventDate "2015.09.05"]
[EventType "team-tourn"]
[EventRounds "11"]
[EventCountry "SRB"]
[SourceTitle "EXT 2016"]
[Source "ChessBase"]
[SourceDate "2015.10.08"]
[SourceVersion "1"]
[SourceVersionDate "2015.10.08"]
[SourceQuality "1"]
[WhiteTeam "Nis Svitanja"]
[BlackTeam "Prijepolje Priko"]
[WhiteTeamCountry "SRB"]
[BlackTeamCountry "SRB"]

1. d4 Nf6 2. c4 g6 3. Nc3 Bg7 4. e4 d6 5. f3 0-0 6. Bg5 h6 7. Be3 e5 8. Nge2 Nc6 9. Qd2 Kh7 10. d5 Ne7 11. g4 Ne8 12. Ng3 Bd7 13. h4 a6 14. h5 g5 15. c5 dxc5 16. Bxc5 Nd6 17. Rc1 Bf6 18. Be2 Re8 19. 0-0 Kg7 20. Rc2 Qb8 21. Rfc1 Qd8 22. Kg2 Kh7 23. a3 Rc8 24. a4 Ra8 25. b3 Qb8 26. Nd1 Rc8 27. Ne3 b6 28. Ba3 b5 29. a5 Qb7 30. Bxd6 cxd6 31. Qb4 Rxc2 32. Rxc2 Qb8 33. Qc3 Ra7 34. b4 Nc8 35. Ngf5 Bd8 36. Qd2 Rc7 37. Qc1 Rxc2 38. Qxc2 Qc7 39. Bd3 Qxc2+ 40. Bxc2 Bc7 41. Kf1 Bb8 42. Ke2 Ba7 43. Kd3 Bxe3 1/2-1/2

[Event "SRB Central-ch op-B 8th"]
[Site "Paracin"]
[Date "2015.07.10"]
[Round "9"]
[White "Tomte, Asbjorn"]
[Black "Ostojic, Nikola M"]
[Result "1/2-1/2"]
[WhiteElo "1914"]
[BlackElo "2031"]
[PlyCount "40"]
[EventDate "2015.07.03"]
[EventType "swiss"]
[EventRounds "9"]
[EventCountry "SRB"]
[SourceTitle "CBM 167 Extra"]
[Source "ChessBase"]
[SourceDate "2015.09.14"]
[SourceVersion "1"]
[SourceVersionDate "2015.09.14"]
[SourceQuality "1"]

1. d4 d5 2. c4 c6 3. Nf3 Nf6 4. g3 e6 5. Bg2 Bb4+ 6. Bd2 Bd6 7. Qc2 Nbd7 8. 0-0 0-0 9. Rd1 Qe7 10. b3 e5 11. cxd5 Nxd5 12. dxe5 Nxe5 13. Nc3 Nxf3+ 14. Bxf3 Nf6 15. Bg5 Be5 16. Rd2 h6 17. Be3 Qb4 18. Rc1 Ng4 19. Nd1 Nxe3 20. Nxe3 Be6 1/2-1/2

[Event "SRB Central-ch op-B 8th"]
[Site "Paracin"]
[Date "2015.07.09"]
[Round "8"]
[White "Ostojic, Nikola M"]
[Black "Menzi, Nezihe Ezgi"]
[Result "1/2-1/2"]
[WhiteElo "2031"]
[BlackElo "1807"]
[PlyCount "48"]
[EventDate "2015.07.03"]
[EventType "swiss"]
[EventRounds "9"]
[EventCountry "SRB"]
[SourceTitle "CBM 167 Extra"]
[Source "ChessBase"]
[SourceDate "2015.09.14"]
[SourceVersion "1"]
[SourceVersionDate "2015.09.14"]
[SourceQuality "1"]

1. d4 Nf6 2. c4 g6 3. Nc3 Bg7 4. e4 d6 5. Nf3 0-0 6. Be2 e5 7. dxe5 dxe5 8. Qxd8 Rxd8 9. Nd5 Nxd5 10. cxd5 c6 11. Bc4 cxd5 12. Bxd5 Nc6 13. Bg5 Rd6 14. 0-0-0 Be6 15. Bxe6 Rxe6 16. Rd7 b6 17. Kb1 Bf8 18. Be3 Rd8 19. Rhd1 Rxd7 20. Rxd7 Rd6 21. Rxd6 Bxd6 22. Ne1 f5 23. f3 Kf7 24. Nd3 Ke6 1/2-1/2

[Event "SRB Central-ch op-B 8th"]
[Site "Paracin"]
[Date "2015.07.04"]
[Round "2"]
[White "Ostojic, Nikola M"]
[Black "Pribanovic, Milivoje"]
[Result "1-0"]
[WhiteElo "2031"]
[BlackElo "1865"]
[PlyCount "25"]
[EventDate "2015.07.03"]
[EventType "swiss"]
[EventRounds "9"]
[EventCountry "SRB"]
[SourceTitle "CBM 167 Extra"]
[Source "ChessBase"]
[SourceDate "2015.09.14"]
[SourceVersion "1"]
[SourceVersionDate "2015.09.14"]
[SourceQuality "1"]

1. d4 Nf6 2. c4 e6 3. Nc3 Bb4 4. Qc2 b6 5. e4 Bb7 6. Bd3 Bxc3+ 7. bxc3 d5 8. cxd5 exd5 9. e5 Ne4 10. f3 Ng5 11. Ne2 h6 12. Ng3 0-0 13. f4 1-0

[Event "SRB-chT2 East"]
[Site "Leskovac"]
[Date "2014.09.25"]
[Round "1.1"]
[White "Ostojic, Nikola M"]
[Black "Lazic, Milan B"]
[Result "1/2-1/2"]
[WhiteElo "2052"]
[BlackElo "1998"]
[PlyCount "30"]
[EventDate "2014.09.25"]
[EventType "team-swiss"]
[EventRounds "6"]
[EventCountry "SRB"]
[SourceTitle "EXT 2015"]
[Source "ChessBase"]
[SourceDate "2014.11.20"]
[SourceVersion "1"]
[SourceVersionDate "2014.11.20"]
[SourceQuality "1"]

1. d4 d5 2. c4 c6 3. Nc3 Nf6 4. Nf3 e6 5. cxd5 exd5 6. Qc2 Bd6 7. Bg5 h6 8. Bh4 g5 9. Bg3 Nh5 10. Bxd6 Qxd6 11. e3 Be6 12. Bd3 Nd7 13. Rb1 0-0 14. Bf5 Ng7 15. Bxe6 fxe6 1/2-1/2

[Event "SRB Central-ch op-B 7th"]
[Site "Paracin"]
[Date "2014.07.05"]
[Round "2"]
[White "Vasilev, Martin"]
[Black "Ostojic, Nikola M"]
[Result "0-1"]
[WhiteElo "1867"]
[BlackElo "2074"]
[PlyCount "84"]
[EventDate "2014.07.04"]
[EventType "swiss"]
[EventRounds "9"]
[EventCountry "SRB"]
[SourceTitle "CBM 161 Extra"]
[Source "ChessBase"]
[SourceDate "2014.08.29"]
[SourceVersion "1"]
[SourceVersionDate "2014.08.29"]
[SourceQuality "1"]

1. d4 Nf6 2. c4 e6 3. Nc3 Bb4 4. Qc2 c5 5. e3 cxd4 6. exd4 b6 7. Bd3 Bb7 8. f3 Nc6 9. Nge2 d5 10. cxd5 Nxd5 11. 0-0 Nxc3 12. bxc3 Bd6 13. f4 g6 14. Bb2 0-0 15. a3 Be7 16. Ng3 Rc8 17. Qe2 Na5 18. Rae1 Bf6 19. f5 exf5 20. Nxf5 gxf5 21. Qh5 Re8 22. Rxe8+ Qxe8 23. Qxf5 Bg7 24. a4 Qe3+ 25. Kh1 Qh6 26. Bc1 Bxg2+ 27. Kg1 Qh3 28. Qxf7+ Kh8 29. Bf5 Bxf1 30. Bxh3 Bxh3 31. Bf4 Rf8 32. Qc7 Nc4 33. Kf2 Bh6 34. Qe7 Rxf4+ 35. Kg3 Bf1 36. Qe8+ Rf8 37. Qe6 Bg7 38. d5 Be5+ 39. Kh4 Kg7 40. Qe7+ Kg8 41. Qg5+ Kh8 42. Qg4 Rf4 0-1

[Event "SRB-chT2 South"]
[Site "Nis"]
[Date "2013.10.21"]
[Round "8.1"]
[White "Ostojic, Nikola M"]
[Black "Zivkovic, Ljubisa"]
[Result "1-0"]
[WhiteElo "2082"]
[BlackElo "2000"]
[PlyCount "69"]
[EventDate "2013.10.17"]
[EventType "team-swiss"]
[EventRounds "8"]
[EventCountry "SRB"]
[SourceTitle "EXT 2015"]
[Source "ChessBase"]
[SourceDate "2014.11.20"]
[SourceVersion "1"]
[SourceVersionDate "2014.11.20"]
[SourceQuality "1"]

1. d4 Nf6 2. Nf3 g6 3. c4 Bg7 4. Nc3 d5 5. cxd5 Nxd5 6. e4 Nxc3 7. bxc3 0-0 8. Rb1 c5 9. Be2 Qa5 10. Qd2 a6 11. 0-0 Nc6 12. Rd1 Rd8 13. Qb2 cxd4 14. cxd4 Qc7 15. Be3 e6 16. Qc2 Rd7 17. Rbc1 Qa5 18. Qb3 Qb4 19. Rxc6 Qxb3 20. Rxc8+ Rxc8 21. axb3 Rc2 22. Kf1 Rb2 23. Rd3 Rb1+ 24. Bd1 e5 25. d5 f6 26. Ke2 Bf8 27. Nd2 Rb2 28. Rc3 Bb4 29. Rc8+ Kg7 30. Kd3 f5 31. Nc4 Rb1 32. Bc2 Rg1 33. Nxe5 Re7 34. Bd4 fxe4+ 35. Kc4 1-0

[Event "Nis Art Faculty op"]
[Site "Nis"]
[Date "2013.08.07"]
[Round "6"]
[White "Ostojic, Nikola M"]
[Black "Randjelovic, Aleksandar"]
[Result "1/2-1/2"]
[WhiteElo "2063"]
[BlackElo "2321"]
[PlyCount "58"]
[EventDate "2013.08.03"]
[EventType "swiss"]
[EventRounds "7"]
[EventCountry "SRB"]
[SourceTitle "EXT 2015"]
[Source "ChessBase"]
[SourceDate "2014.11.20"]
[SourceVersion "1"]
[SourceVersionDate "2014.11.20"]
[SourceQuality "1"]

1. d4 g6 2. c4 Bg7 3. Nc3 Nf6 4. e4 d6 5. Nf3 0-0 6. Be2 Na6 7. 0-0 e5 8. Re1 c6 9. Bf1 Nh5 10. h3 exd4 11. Nxd4 Nc5 12. Nf3 Re8 13. Bg5 Qb6 14. Qd2 Bxc3 15. Qxc3 Nxe4 16. Rxe4 Rxe4 17. g4 Ng7 18. Bh6 Ne8 19. Bd3 Re7 20. Ng5 d5 21. Re1 Be6 22. Qa3 Qc7 23. cxd5 cxd5 24. f4 Qd6 25. Qxd6 Nxd6 26. f5 gxf5 27. gxf5 Bxf5 28. Rxe7 Bxd3 29. Rd7 Nf5 1/2-1/2

[Event "Nis Art Faculty op"]
[Site "Nis"]
[Date "2013.08.07"]
[Round "7"]
[White "Rasic, Jovan"]
[Black "Ostojic, Nikola M"]
[Result "0-1"]
[WhiteElo "2110"]
[BlackElo "2063"]
[PlyCount "74"]
[EventDate "2013.08.03"]
[EventType "swiss"]
[EventRounds "7"]
[EventCountry "SRB"]
[SourceTitle "EXT 2015"]
[Source "ChessBase"]
[SourceDate "2014.11.20"]
[SourceVersion "1"]
[SourceVersionDate "2014.11.20"]
[SourceQuality "1"]

1. e4 c5 2. d4 cxd4 3. c3 dxc3 4. Nxc3 e6 5. Nf3 d6 6. Bf4 Be7 7. Bc4 Nf6 8. 0-0 0-0 9. Qe2 e5 10. Bg5 Be6 11. Bxe6 fxe6 12. Rfd1 Nc6 13. b4 Nxb4 14. Qc4 d5 15. exd5 exd5 16. Nxd5 Nfxd5 17. a3 Qc8 18. Qb3 Qc2 19. Rab1 Rxf3 20. gxf3 Qxb3 21. Rxb3 Bxg5 22. axb4 Nb6 23. Ra3 a6 24. Ra5 Re8 25. Rc5 Kf7 26. Rd6 Re6 27. Rc7+ Be7 28. Rd1 Kf6 29. Rb1 Nd5 30. Rxb7 Nxb4 31. Kf1 a5 32. Ra7 Nc6 33. Ra8 Bb4 34. Ke2 Nd4+ 35. Ke3 Rc6 36. Ke4 Ne6 37. Rd1 Rc4+ 0-1

[Event "Nis Art Faculty op"]
[Site "Nis"]
[Date "2013.08.04"]
[Round "2"]
[White "Zivkovic, Nemanja"]
[Black "Ostojic, Nikola M"]
[Result "1-0"]
[WhiteElo "2245"]
[BlackElo "2063"]
[PlyCount "61"]
[EventDate "2013.08.03"]
[EventType "swiss"]
[EventRounds "7"]
[EventCountry "SRB"]
[SourceTitle "EXT 2015"]
[Source "ChessBase"]
[SourceDate "2014.11.20"]
[SourceVersion "1"]
[SourceVersionDate "2014.11.20"]
[SourceQuality "1"]

1. e4 c5 2. Nf3 e6 3. c4 d6 4. d4 cxd4 5. Nxd4 Nf6 6. Nc3 a6 7. Bd3 Nbd7 8. 0-0 b6 9. b3 Bb7 10. Bb2 Nc5 11. Qe2 Nxd3 12. Qxd3 Qc7 13. Rae1 h5 14. f4 Be7 15. Re2 h4 16. Rfe1 Nh5 17. Bc1 0-0-0 18. f5 d5 19. cxd5 Bc5 20. Na4 exd5 21. e5 Kb8 22. Bd2 Qd7 23. e6 fxe6 24. fxe6 Qe7 25. Nxc5 bxc5 26. Nf5 Qf6 27. e7 Rde8 28. Re6 Qb2 29. Nd6 Nf6 30. Nxb7 Kxb7 31. Qxa6+ 1-0

[Event "SRB Central-ch op-B 6th"]
[Site "Paracin"]
[Date "2013.07.12"]
[Round "9"]
[White "Milosavljevic, Milica"]
[Black "Ostojic, Nikola M"]
[Result "1-0"]
[WhiteElo "1926"]
[BlackElo "2068"]
[PlyCount "42"]
[EventDate "2013.07.05"]
[EventType "swiss"]
[EventRounds "9"]
[EventCountry "SRB"]
[SourceTitle "CBM 155 Extra"]
[Source "ChessBase"]
[SourceDate "2013.08.26"]
[SourceVersion "1"]
[SourceVersionDate "2013.08.26"]
[SourceQuality "1"]

1. e4 c5 2. c4 e6 3. Nc3 d6 4. g3 Nc6 5. Bg2 g6 6. Nge2 Bg7 7. 0-0 Nge7 8. d3 0-0 9. Be3 Nd4 10. f4 Nec6 11. Rb1 Rb8 12. Bf2 a6 13. Nxd4 Nxd4 14. Ne2 Nxe2+ 15. Qxe2 b5 16. e5 Qc7 17. Qe3 Qa5 18. exd6 Bd4 19. Qe4 Bb7 20. Qe1 Bxf2+ 21. Rxf2 Bxg2 1-0

[Event "SRB Central-ch op-B 6th"]
[Site "Paracin"]
[Date "2013.07.08"]
[Round "4"]
[White "Ostojic, Nikola M"]
[Black "Bozilov, Dragan"]
[Result "1-0"]
[WhiteElo "2068"]
[BlackElo "1930"]
[PlyCount "98"]
[EventDate "2013.07.05"]
[EventType "swiss"]
[EventRounds "9"]
[EventCountry "SRB"]
[SourceTitle "CBM 155 Extra"]
[Source "ChessBase"]
[SourceDate "2013.08.26"]
[SourceVersion "1"]
[SourceVersionDate "2013.08.26"]
[SourceQuality "1"]

1. d4 Nf6 2. c4 c6 3. Nc3 d5 4. Nf3 a6 5. cxd5 cxd5 6. Bf4 Nc6 7. Rc1 e6 8. e3 Bd6 9. Bxd6 Qxd6 10. Bd3 0-0 11. 0-0 e5 12. dxe5 Nxe5 13. Be2 Rd8 14. Qb3 Be6 15. Nd4 b5 16. a3 Nc4 17. Rfd1 Rac8 18. h3 Qe5 19. Nf3 Qb8 20. Nd4 Qe5 21. Nf3 Qb8 22. Nd4 Qe5 23. Bf3 Ne4 24. Bxe4 dxe4 25. Nxe6 Qxe6 26. Ne2 Qg6 27. Nd4 Ne5 28. Rxc8 Rxc8 29. Qd5 Nd3 30. Nf5 Qf6 31. Qxe4 Ne5 32. Nd4 g6 33. Qb1 Nc4 34. Rc1 Rd8 35. Qc2 Qg5 36. Nf3 Qf6 37. Nd4 Qe5 38. Qc3 Qg5 39. Nf3 Qd5 40. a4 Nb6 41. axb5 Qxb5 42. Nd4 Qg5 43. Ra1 Nd5 44. Qa3 Rb8 45. Rb1 Nb4 46. Qc3 Qd5 47. Ra1 h5 48. b3 Kh7 49. Qc7 Rb7 1-0

[Event "Nis Svetosavski op 3rd"]
[Site "Nis"]
[Date "2013.03.04"]
[Round "5"]
[White "Ostojic, Nikola M"]
[Black "Ilic, Slobodan S"]
[Result "1/2-1/2"]
[WhiteElo "2033"]
[BlackElo "2109"]
[PlyCount "71"]
[EventDate "2013.03.02"]
[EventType "swiss"]
[EventRounds "5"]
[EventCountry "SRB"]
[SourceTitle "CBM 153 Extra"]
[Source "ChessBase"]
[SourceDate "2013.04.22"]
[SourceVersion "1"]
[SourceVersionDate "2013.04.22"]
[SourceQuality "1"]

1. d4 Nf6 2. c4 e6 3. Nc3 d5 4. cxd5 exd5 5. Bg5 Be7 6. e3 c6 7. Qc2 0-0 8. Nf3 Nbd7 9. Bd3 Re8 10. 0-0 Nf8 11. Rab1 a5 12. a3 Be6 13. b4 axb4 14. axb4 N6d7 15. Bxe7 Qxe7 16. b5 c5 17. dxc5 Qxc5 18. Rfc1 Nb6 19. Qe2 Bg4 20. h3 Bxf3 21. Qxf3 Ra3 22. Na4 Qd6 23. Nxb6 Qxb6 24. Qd1 g6 25. Be2 Rd8 26. Rb3 Rxb3 27. Qxb3 Ne6 28. Bg4 Nf8 29. Rd1 d4 30. Rxd4 Rxd4 31. exd4 Qxd4 32. b6 h5 33. Bf3 Nd7 34. Bxb7 Qxb6 35. Qxb6 Nxb6 36. h4 1/2-1/2

[Event "Nis Svetosavski op 3rd"]
[Site "Nis"]
[Date "2013.03.03"]
[Round "3"]
[White "Zivkovic, Nemanja"]
[Black "Ostojic, Nikola M"]
[Result "0-1"]
[WhiteElo "2237"]
[BlackElo "2033"]
[PlyCount "112"]
[EventDate "2013.03.02"]
[EventType "swiss"]
[EventRounds "5"]
[EventCountry "SRB"]
[SourceTitle "CBM 153 Extra"]
[Source "ChessBase"]
[SourceDate "2013.04.22"]
[SourceVersion "1"]
[SourceVersionDate "2013.04.22"]
[SourceQuality "1"]

1. c4 c6 2. e4 d5 3. cxd5 cxd5 4. exd5 Nf6 5. Bb5+ Nbd7 6. Nc3 a6 7. Qa4 g6 8. Nf3 Bg7 9. d4 0-0 10. Bxd7 Qxd7 11. Qb3 b5 12. a4 bxa4 13. Rxa4 Qd6 14. Rb4 Bd7 15. 0-0 Rfb8 16. Rb7 Bb5 17. Rxb8+ Rxb8 18. Re1 Bc6 19. Qc4 Bxd5 20. Nxd5 Nxd5 21. Ne5 e6 22. Nd3 Qb6 23. Be3 Qb5 24. Rc1 Qxc4 25. Rxc4 Kf8 26. Kf1 Ke7 27. Ke1 Rb5 28. Kd1 Nxe3+ 29. fxe3 e5 30. Rc7+ Ke8 31. Rc4 exd4 32. exd4 Rd5 33. Nb4 Rxd4+ 34. Rxd4 Bxd4 35. Kc2 a5 36. Nc6 Bb6 37. Kb3 Bc7 38. Kc4 Kd7 39. Kd5 a4 40. h3 f5 41. Nd4 Bd8 42. Ke5 Bg5 43. Kd5 Bc1 44. Ne6 Be3 45. Nc5+ Bxc5 46. Kxc5 f4 47. Kd5 g5 48. Ke5 Kc6 49. h4 gxh4 50. Kxf4 Kd5 51. Ke3 Kc4 52. Kd2 Kb3 53. Kc1 Kc4 54. Kc2 Kd4 55. Kd2 h5 56. Ke2 Ke4 0-1